|
|
|
|
| LEADER |
00000nam0a2200000 4500 |
| 001 |
160940 |
| 005 |
20231101222224.0 |
| 010 |
|
|
|a 5981803304
|
| 035 |
|
|
|a (RuTPU)RU\TPU\book\174536
|
| 090 |
|
|
|a 160940
|
| 100 |
|
|
|a 20090601d2006 m y0rusy50 ca
|
| 101 |
0 |
|
|a rus
|
| 102 |
|
|
|a RU
|
| 105 |
|
|
|a y z 001zy
|
| 200 |
1 |
|
|a Климат Казани и его изменения в современный период
|f Ю. П. Переведенцев [и др.]
|
| 210 |
|
|
|a Казань
|c Изд-во Казанского ун-та
|d 2006
|
| 215 |
|
|
|a 216 с.
|
| 300 |
|
|
|a Авторы указаны на обороте титульного листа.
|
| 320 |
|
|
|a Библиогр.: с. 183-193.
|
| 330 |
|
|
|a В книге дана подробная характеристика климата и его современных изменений в городе Казани на фоне глобального потепления. Приведены сведения об истории метеорологических наблюдений и климатических исследований в Казанском университете за два столетия. Рассмотрены основные черты климата в целом за год и по сезонам. Особое внимание уделено описанию мезоклиматических различий между городом и его окрестностями, между отдельными городскими районами. Проанализированы прикладные характеристики климата, данные об опасных явлениях погоды и состоянии воздушного бассейна города, оказывающих негативное влияние на здоровье человека и муниципальное хозяйство. Приведены сведения об оправдываемости народных примет погоды.Книга может быть полезной метеорологам, климатологам, географам, работникам муниципального хозяйства, медицины и широкому кругу читателей, интересующихся вопросами природы и климата.
|
| 606 |
1 |
|
|a Климатология региональная
|2 stltpush
|3 (RuTPU)RU\TPU\subj\14534
|9 40909
|
| 606 |
1 |
|
|a Климат
|x Изменения
|x (климатология)
|2 stltpush
|3 (RuTPU)RU\TPU\subj\14525
|9 40900
|
| 610 |
1 |
|
|a Казань
|
| 610 |
1 |
|
|a метеорологические наблюдения
|
| 610 |
1 |
|
|a климатическая характеристика
|
| 610 |
1 |
|
|a мезоклиматические особенности
|
| 610 |
1 |
|
|a воздух
|
| 610 |
1 |
|
|a температура
|
| 610 |
1 |
|
|a атмосфера
|
| 610 |
1 |
|
|a температурный режим
|
| 610 |
1 |
|
|a атмосферные осадки
|
| 610 |
1 |
|
|a погода
|
| 610 |
1 |
|
|a опасные явления
|
| 610 |
1 |
|
|a города
|
| 610 |
1 |
|
|a городское население
|
| 610 |
1 |
|
|a здоровье
|
| 610 |
1 |
|
|a окружающая среда
|
| 610 |
1 |
|
|a народные приметы
|
| 675 |
|
|
|a 551.582
|v 3
|
| 675 |
|
|
|a 551.583
|v 3
|
| 701 |
|
1 |
|a Переведенцев
|b Ю. П.
|g Юрий Петрович
|
| 701 |
|
1 |
|a Верещагин
|b М. А.
|g Михаил Алексеевич
|
| 701 |
|
1 |
|a Наумов
|b Э. П.
|g Эдуард Петрович
|
| 701 |
|
1 |
|a Шанталинский
|b К. М.
|g Константин Михайлович
|
| 701 |
|
1 |
|a Шафикова
|b Р. Б.
|g Равза Бандретдиновна
|
| 801 |
|
1 |
|a RU
|b 63413507
|c 20090601
|g PSBO
|
| 801 |
|
2 |
|a RU
|b 63413507
|c 20121207
|g PSBO
|
| 942 |
|
|
|c BK
|